Statistics for Washington Wizards: Retired Numbers

Click here to take the quiz!

General Stats

  • This quiz has been taken 82 times
  • The average score is 3 of 5

Answer Stats

NumberPlayer% Correct
41Wes Unseld
95%
11Elvin Hayes
84%
10Earl Monroe
34%
25Gus Johnson
34%
45Phil Chenier
16%

Score Distribution

Percentile by Number Answered

Percent of People with Each Score

Your Score History

You have not taken this quiz